000 00343nam a2200133 i 4500
001 bg
100 1 _aSICIŃSKI, Andrzej
245 0 _aWyposażenie sanitarno-techniczne budynków i zakładów /
_cAndrzej Siciński.
260 _aWarszawa,
_c1954.
040 _cBPK
041 _apol
942 _cKS
008 s pl f |000 0 pol
999 _c7183
_d7183
856 _uhttp://koha.tu.koszalin.pl/cgi-bin/koha/opac-detail.pl?biblionumber=7183
_yKatalog online BPK